| 000 | 01488cam a2200349 a 4500 | ||
|---|---|---|---|
| 999 |
_c26390 _d26390 |
||
| 001 | 2104878 | ||
| 003 | OSt | ||
| 005 | 20170204102229.0 | ||
| 008 | 960104s1996 njuab 000 0 eng | ||
| 010 | _a 96004359 | ||
| 020 | _a0691011370 (alk. paper) | ||
| 040 |
_aDLC _cDLC _dDLC |
||
| 041 | 0 | _aengchi | |
| 043 | _aa-cc--- | ||
| 050 | 0 | 0 | _aNK7983.A3H683 1996 |
| 082 | 0 | 0 |
_a739.5/12/0931 _220 |
| 245 | 0 | 0 |
_aArt of the Houma foundry / _cInstitute of Archaeology of Shanxi Province = [Houma tao fan yi shu / Shanxi sheng kao gu yan jiu suo]. |
| 246 | 3 | 1 | _aHouma tao fan yi shu |
| 260 |
_aPrinceton, N.J. : _bPrinceton University Press, _c1996. |
||
| 300 |
_aviii, 523 p. : _bchiefly ill., maps ; _c32 cm. |
||
| 500 | _aParallel title in Chinese characters. | ||
| 546 | _aIn English and Chinese. | ||
| 650 | 0 |
_aBronzes, Chinese _yTo 221 B.C. _xThemes, motives. |
|
| 650 | 0 |
_aBronzes, Chinese _zChina _zHouma Shi. |
|
| 710 | 2 | _aShanxi Sheng kao gu yan jiu suo (Taiyuan, Shanxi Sheng, China) | |
| 856 | 4 | 2 |
_3Publisher description _uhttp://www.loc.gov/catdir/description/prin021/96004359.html |
| 906 |
_a7 _bcbc _corignew _d1 _eocip _f19 _gy-gencatlg |
||
| 942 |
_2lcc _cBOOKS _hNK7983.A3H683 1996 _k33955 |
||
| 987 |
_aPINYIN _bDLC _c20020314 _dc |
||